[Event "SLO-ch U10"]
[Site "Ptuj"]
[Date "2017.03.03"]
[Round "9"]
[White "Javornik, Nik"]
[Black "Vaupot, Maks"]
[Result "1/2-1/2"]
[WhiteElo "1689"]
[BlackElo "1139"]
[PlyCount "127"]
[EventDate "2017.02.27"]
[EventType "swiss"]
[EventRounds "9"]
[EventCountry "SLO"]
[SourceTitle "CBM 177 Extra"]
[Source "ChessBase"]
[SourceDate "2017.04.27"]
[SourceVersion "1"]
[SourceVersionDate "2017.04.27"]
[SourceQuality "1"]

1. e4 c5 2. Nf3 d6 3. c3 Nf6 4. Be2 Nc6 5. d4 cxd4 6. cxd4 Nxe4 7. d5 Ne5 8. Qa4+ Bd7 9. Qxe4 Nxf3+ 10. Bxf3 e6 11. dxe6 Bxe6 12. 0-0 d5 13. Qa4+ Bd7 14. Re1+ Be7 15. Qb3 0-0 16. Bf4 Bc6 17. Nc3 d4 18. Bxc6 bxc6 19. Ne2 Rc8 20. Qd3 c5 21. b4 Bf6 22. Rab1 c4 23. Qg3 d3 24. Rbd1 Qb6 25. Nc1 Rfd8 26. Bg5 Bxg5 27. Qxg5 f6 28. Qe3 Qxb4 29. Nxd3 cxd3 30. Rxd3 Re8 31. Qxe8+ Rxe8 32. Rxe8+ Kf7 33. Rde3 a5 34. R8e7+ Qxe7 35. Rxe7+ Kxe7 36. Kf1 Kd6 37. Ke2 Kc5 38. Kd2 Kb4 39. Kc2 Ka3 40. Kb1 a4 41. Ka1 h5 42. h4 g5 43. g3 g4 44. Kb1 f5 45. Ka1 Kb4 46. Kb2 a3+ 47. Kc2 Kc4 48. Kd2 Kd4 49. Kc2 Ke4 50. Kd2 Kf3 51. Ke1 f4 52. gxf4 Kxf4 53. Ke2 Ke4 54. Kf1 Kd3 55. Ke1 Kc2 56. Ke2 Kc3 57. Kd1 Kd3 58. Ke1 Kc3 59. Kd1 Kb2 60. Kd2 Kxa2 61. Kc2 Ka1 62. Kc1 Ka2 63. Kc2 Ka1 64. Kc1 1/2-1/2